Doing Business 2008 (Record no. 14501)

000 -LEADER
fixed length control field 01665cam a22002894a 4500
020 ## - INTERNATIONAL STANDARD BOOK NUMBER
ISBN 0821372319
020 ## - INTERNATIONAL STANDARD BOOK NUMBER
ISBN 9780821372326
040 ## - CATALOGING SOURCE
Transcribing agency DLC
082 ## - DEWEY DECIMAL CLASSIFICATION NUMBER
Classification number 338 WOR 2007 A067 Or.
110 2# - MAIN ENTRY--CORPORATE NAME
Corporate name or jurisdiction name as entry element World Bank.
245 10 - TITLE STATEMENT
Title Doing Business 2008
260 ## - PUBLICATION, DISTRIBUTION, ETC. (IMPRINT)
Place of publication Washington, D.C. :
Name of publisher The World Bank,
Year of publication 2007.
300 ## - PHYSICAL DESCRIPTION
Number of Pages 1 online resource (206 p.)
490 1# - SERIES STATEMENT
Series statement Doing Business
520 3# - SUMMARY, ETC.
Summary, etc Regulations affecting 10 areas of everyday business are measured: starting a business, dealing with licenses, employing workers, registering property, getting credit, protecting investors, paying taxes, trading across borders, enforcing contracts, and closing a business. Doing Business 2008 updates all 10 sets of indicators, ranks countries on their overall ease of doing business, and analyzes reforms to business regulation - identifying which countries are improving their business environment the most and which ones slipped. The indicators are used to analyze economic outcomes and identify what reforms have worked, where and why. Doing Business 2008 focuses on how complex business regulations dampen investment, growth and job creation in all businesses, and especially opportunities for women entrepreneurs.
650 #4 - SUBJECT ADDED ENTRY--TOPICAL TERM
Topical Term Access to Finance.
650 #4 - SUBJECT ADDED ENTRY--TOPICAL TERM
Topical Term Business Environment.
650 #4 - SUBJECT ADDED ENTRY--TOPICAL TERM
Topical Term Business in Development.
650 #4 - SUBJECT ADDED ENTRY--TOPICAL TERM
Topical Term Competitiveness and Competition Policy.
650 #4 - SUBJECT ADDED ENTRY--TOPICAL TERM
Topical Term E-Business.
650 #4 - SUBJECT ADDED ENTRY--TOPICAL TERM
Topical Term Finance and Financial Sector Development.
650 #4 - SUBJECT ADDED ENTRY--TOPICAL TERM
Topical Term Private Sector Development.
650 #4 - SUBJECT ADDED ENTRY--TOPICAL TERM
Topical Term Public Sector Development.
710 2# - ADDED ENTRY--CORPORATE NAME
Corporate name or jurisdiction name as entry element World Bank.
856 40 - ELECTRONIC LOCATION AND ACCESS
Uniform Resource Identifier http://elibrary.worldbank.org/content/book/9780821372319
942 ## - ADDED ENTRY ELEMENTS (KOHA)
Koha item type សៀវភៅភាសាអង់គ្លេស
952 ## - LOCATION AND ITEM INFORMATION (KOHA)
Withdrawn status [LOCAL, KOHA] 0
Holdings
Permanent Location Date acquired Koha item type Lost status Shelving location Barcode Current Location Full call number
Library Block A2017-10-18សៀវភៅភាសាអង់គ្លេស A067RUA045749Library Block A338 WOR 2007 A067 Or.
មជ្ឈមណ្ឌលឯការនៃសាកលវិទ្យាល័យភូមិន្ទកសិកម្មចំការដូង

Powered by Koha